000 00984nmm a2200277 a 4500
001 ocm0002347343
003 TR-IsHL
005 20201028184641.0
008 190514s2019 tu eng
007 cr cn
020 _a9786057861108
035 _a2347343
_b(N$T)
050 0 4 _aPZ8.W15
_bS3 2019
090 0 4 _aPZ8.W15
_bS3 2019
100 1 _aWalker, Abbie Phillips
245 1 0 _aSandman's goodnight stories
_h[electronic resource] /
_cAbbie Phillips Walker ; Illustrated by Rhoda C. Chase
260 _aİstanbul :
_be-Kitap Projesi & Cheapest Books,
_c2019
300 _a135 p.
650 4 _aDil ve Edebiyat
650 4 _aLanguage and Literature
650 0 _aResimli çocuk hikaye kitapları
650 0 _aIllustrated children's story books
650 7 _aJUVENILE FICTION / Fairy Tales & Folklore / General
_2bisacsh
700 1 _aChase, Rhoda C.
856 4 0 _uhttp://search.ebscohost.com/login.aspx?direct=true&scope=site&db=e011xww&AN=2347343
999 _c21099
_d21099